LEADER 01611nam a2200313 u 4500 001 000000003926 003 CaOOAMICUS 005 20070226104608.0 008 940514s1951 fr abe u000 u fre u 035 $a10104105 040 $aHarvard Univ. Library$bita$cpu$dPUL(R) 100 1 $aMartin, Roland,$d1912-$0(OLS)http://pul/name/4081 245 10$aRecherches sur l'agora Grecque :$bétudes d'histoire et d'architecture urbaines. /$cpar Roland Martin .. 260 $aParis :$bDe Boccard,$c1951. 300 $a570 p., 12 plates, maps, plans, flod. tables :$bill. ;$c25 cm 490 1 $aBibliothèque des écoles françaises d'Athènes et de Rome ;$vfasc. 174 504 $aBibliographical footnotes. 650 0$aArchitecture$zGreece.$2//eng$0(OLS)http://pul/subject/3242 650 0$aCities and towns$zGreece.$2//eng$0(OLS)http://pul/subject/3243 651 0$aAgora (Athens, Greece).$2//eng$0(OLS)http://pul/subject/3244 710 2 $aEcoles françaises d'Athènes et de Rome.$0(OLS)http://pul/name/4082 740 2 $aL'agora grecque. 830 0$aBibliothèque des écoles françaises d'Athènes et de Rome ;$vfasc. 174.$0(OLS)http://pul/title/260 850 $aPUL 852 $aPUL$W1$xDP1 Cons. Gen., Altre Classi 1$y22$m1039 H 1.174$j183161$qStampati$B186367$CPULBib$Z2$F186367 $H15254 $82 941 1 $a8 996 $6245$aRecherches sur l'agora Grecque :$bétudes d'histoire et d'architecture urbaines.$9(OLS)http://pul/title/5725 996 $6740$aL'agora grecque$9(OLS)http://pul/title/5726 996 $6260$aParis :$bDe Boccard$9(OLS)http://pul/publisher/48182 LEADER 01406nam a2200301 u 4500 001 000000064680 003 CaOOAMICUS 005 20070226121401.0 008 011122q1900 it acf u000 u ita u 035 $a10911040 040 $aPUL(R)$bita 100 1 $aLoeb, Jacques,$d1859-1924.$0(OLS)http://pul/name/43680 245 10$aFisiologia comparata del cervello e psicologia comparata : /$cJacques Loeb ; con aggiunte originali dell'autore ; traduzione autorizzata dall'autore di Federico Raffaele. 260 $aMilano :$bR. Sandron,$c[1900] 300 $axviii, 396 p., [1] c. di tav. :$bant. (ritr.), ill. ;$c23 cm 490 1 $aL'indagine moderna ;$v2 504 $aContiene indicazioni bibliografiche. 650 4$aCervello.$0(OLS)http://pul/subject/4549 650 4$aFisiologia.$0(OLS)http://pul/subject/15273 650 4$aPsicofisiologia.$0(OLS)http://pul/subject/10277 700 1 $aRaffaele, Francesco,$cS.I.$0(OLS)http://pul/name/43681 830 2$aL'indagine moderna ;$v2.$0(OLS)http://pul/title/31089 850 $aPUL 852 $aPUL$W1$xDP2 Filosofia 1$y62$m87 B 4$j83819$nBK-PRI$b $qStampati$B83819$CPULBib$Z2$F83819 $81 941 1 $a8 961 $aTimbri: Bibliotheca P. Athenaeum Seminarii Rom. 996 $6245$aFisiologia comparata del cervello e psicologia comparata :$9(OLS)http://pul/title/86164 996 $6260$aMilano :$bR. Sandron$9(OLS)http://pul/publisher/48121